000 00882nam a2200265 a 4500
001 60003
005 20191004132019.0
008 140415s2009 mx r 000 0 spa d
020 _a9786070205392
040 _erda
041 0 _aspa
082 0 _a860
100 1 _aBeltrán Félix, Geney,
_d1976-
_eautor
245 1 3 _aEl sueño no es un refugio sino un arma /
_cGeney Beltrán Félix.
250 _aPrimera edición
264 1 _aMéxico :
_bUniversidad Nacional Autónoma de México,
_c2009
300 _a163 páginas ;
_c21 cm.
336 _atexto
_2rdacontent
337 _asin mediación
_2rdamedia
338 _avolumen
_2rdacarrier
490 0 _aDiagonal ; Textos de Difusión Cultural
650 4 _aLiteratura mexicana
_ySiglo XX
_xHistoria y crítica
650 4 _aLiteratura mexicana
_ySiglo XXI
_xHistoria y crítica
999 _c60003
_d60003
942 _h860
_i
_cLI